| 000 | 00424 a2200145 4500 | ||
|---|---|---|---|
| 999 |
_c11359 _d11359 |
||
| 003 | OSt | ||
| 005 | 20230315182843.0 | ||
| 008 | 230315b ||||| |||| 00| 0 eng d | ||
| 020 | _a978-1610919333 | ||
| 082 |
_a333.78309 _bBAR |
||
| 100 | _aDavid L Barth | ||
| 245 | _aParks and recreation system planning: A new approach for creating sustainable, resilient communities | ||
| 260 |
_bIsland Press _aWashington |
||
| 942 | _2ddc | ||